000 00367nam a2200157Ia 4500
008 151213s9999 xx 000 0 und d
100 _aJ. A.Pearce
245 _aStrategic Management
_cJ. A.Pearce
250 _a4th
260 _aBoston
_bIrwin
_c1991
300 _a2720 p.
650 _aManagement
650 _aManagement
700 _aJ. A.Pearce
999 _c1831
_d1831